| 000 | 00726cac a2200241 a 4500 | ||
|---|---|---|---|
| 003 | Co-PeBPM | ||
| 005 | 20241023181707.0 | ||
| 008 | 231129e1992||||xx a||||||||||||1 ||spa|| | ||
| 020 | _a9589023223 | ||
| 040 |
_aCo-PeBPM _bspa _cCo-PeBPM _erda |
||
| 041 | _aspa | ||
| 082 | 0 | 4 |
_a100 M357f _222 |
| 100 | 1 | _aMarquinez, Germán | |
| 245 | 1 | 0 |
_aFilosofía _b: En Perspectiva Latinoamericana _c/ German Marquínez |
| 260 |
_aBogotá D.C _b: Búho _c,1992 |
||
| 300 |
_a280 Páginas _b; 17 Centímetros |
||
| 500 | _aIncluye Índice, Incluye Taller. | ||
| 650 | 1 | 4 |
_2LEMB _aFilosofía latinoamericana |
| 650 | 1 | 4 |
_2LEMB _aHistoria de la filosofía |
| 650 | 1 | 4 |
_2LEMB _aFilosofía |
| 650 | 1 | 4 |
_2LEMB _aEnseñanza |
| 942 |
_2ddc _cBK |
||
| 999 |
_c13950 _d13950 |
||